[Event "Titled Tuesday intern op 17th Sep Early"]
[Site "Chess,com INT"]
[Date "2024.09.17"]
[Round "10"]
[White "Bilunov, Denis B"]
[Black "Shapiro, Daniel E"]
[Result "0-1"]
[WhiteElo "1977"]
[BlackElo "2284"]
[PlyCount "132"]
[EventDate "2024.09.17"]
[EventType "swiss (blitz)"]
[EventRounds "11"]
[EventCountry "USA"]
[SourceTitle "EXT 2025"]
[Source "ChessBase"]
[SourceDate "2024.10.14"]
[SourceVersion "1"]
[SourceVersionDate "2024.10.14"]
[SourceQuality "1"]

1. e4 c5 2. Nc3 Nc6 3. g3 g6 4. Bg2 Bg7 5. Nge2 d6 6. 0-0 Nf6 7. d3 0-0 8. h3 Bd7 9. g4 Ne8 10. Ng3 e5 11. Nd5 Nc7 12. Ne3 Ne6 13. c3 b5 14. Nd5 Ne7 15. f4 Nxd5 16. exd5 Nxf4 17. Bxf4 exf4 18. Rxf4 Be5 19. Rf3 Qh4 20. Ne4 f5 21. gxf5 Rxf5 22. Qe1 Qxe1+ 23. Rxe1 Rxf3 24. Bxf3 Bxh3 25. Nxc5 Bg3 26. Re3 Bf4 27. Re4 Bc1 28. Nb7 Bf5 29. Rb4 Bxd3 30. Nxd6 Be3+ 31. Kg2 Bc5 32. Rd4 Bxd4 33. cxd4 a6 34. Nb7 Bf5 35. d6 Rf8 36. Bd5+ Kg7 37. Kf3 h5 38. Kg3 Kf6 39. Bc6 g5 40. d7 h4+ 41. Kh2 Ke7 42. d8Q+ Rxd8 43. Nxd8 Kxd8 44. Bb7 a5 45. a3 Kc7 46. Ba8 Kd6 47. b4 axb4 48. axb4 Be6 49. Be4 Bd5 50. Bd3 Bf3 51. Bxb5 Kd5 52. Bd7 Kxd4 53. b5 Kc5 54. Kh3 Be2 55. Be8 Bxb5 56. Bh5 Bd7+ 57. Kg2 Kd4 58. Kf3 Ke5 59. Ke3 Kf5 60. Kf3 Bc6+ 61. Ke3 g4 62. Kf2 Kg5 63. Bf7 Kf4 64. Kg1 g3 65. Bc4 h3 66. Bf1 h2# 0-1